[Event "8th Essent op"]
[Site "Hoogeveen NED"]
[Date "2004.10.19"]
[Round "5.20"]
[White "Wempe, Joost"]
[Black "Loffler, Stefan"]
[Result "0-1"]
[WhiteElo "2263"]
[BlackElo "2432"]
[EventDate "2004.10.15"]
[PlyCount "62"]

1.d4 d5 2.c4 e6 3.Nc3 Bb4 4.a3 Bxc3+ 5.bxc3 c5 6.e3 Nf6 7.cxd5 Qxd5 8.f3 
cxd4 9.cxd4 Nc6 10.Bb2 O-O 11.e4 Qa5+ 12.Qd2 Qa4 13.Qd1 Qa5+ 14.Qd2 Qb6 
15.g4 Rd8 16.Rd1 e5 17.d5 Bxg4 18.Qf2 Qa5+ 19.Rd2 Nxd5 20.exd5 Rxd5 21.Qe3
Nd4 22.Bc3 Qc5 23.Kf2 Bh5 24.Bb4 Qc1 25.Ne2 Qc6 26.Nxd4 exd4 27.Qe4 Re8 
28.Rc2 Bxf3 29.Qxe8+ Qxe8 30.Kxf3 Qe3+ 31.Kg2 Rg5# 0-1

[Event "8th Essent op"]
[Site "Hoogeveen NED"]
[Date "2004.10.19"]
[Round "5.21"]
[White "Klinova, Masha"]
[Black "Vogel, Jaap"]
[Result "1/2-1/2"]
[WhiteElo "2400"]
[BlackElo "2256"]
[EventDate "2004.10.15"]
[PlyCount "94"]

1.e4 e6 2.Nf3 d5 3.Nc3 Nf6 4.e5 Nfd7 5.d4 Be7 6.Bd3 b6 7.O-O c5 8.Re1 Nc6 
9.Bf1 Bb7 10.Ne2 Ba6 11.c3 h6 12.a3 Qc7 13.b4 Bc4 14.Rb1 cxd4 15.cxd4 b5 
16.Bb2 O-O 17.Nd2 Nb6 18.Nxc4 Nxc4 19.Nf4 Rfb8 20.Qg4 Bf8 21.Bc1 Nxd4 22.
Nxd5 exd5 23.Qxd4 a5 24.Qxd5 axb4 25.axb4 Ra2 26.e6 fxe6 27.Qxe6+ Qf7 28.
Qxf7+ Kxf7 29.Bf4 Re8 30.Rxe8 Kxe8 31.Bxc4 bxc4 32.b5 c3 33.b6 Rb2 34.Re1+
Kf7 35.Be3 c2 36.Kf1 Bb4 37.Rc1 Ba5 38.Ke2 Bxb6 39.Bxb6 Rxb6 40.Rxc2 Rb7 
41.h4 Ra7 42.Kf3 Ra3+ 43.Kg4 Ra4+ 44.f4 Ra7 45.f5 g6 46.Rc6 gxf5+ 47.Kh5 
Ra4 1/2-1/2

[Event "8th Essent op"]
[Site "Hoogeveen NED"]
[Date "2004.10.19"]
[Round "5.22"]
[White "Grimm, Sascha"]
[Black "Ruijgrok, Dennis"]
[Result "1-0"]
[WhiteElo "2342"]
[BlackElo "2255"]
[EventDate "2004.10.15"]
[PlyCount "79"]

1.Nf3 Nf6 2.g3 g6 3.Bg2 Bg7 4.O-O O-O 5.c4 d6 6.Nc3 c6 7.Rb1 Bf5 8.d3 Qc8 
9.Re1 h6 10.e4 Bh3 11.d4 Bxg2 12.Kxg2 Nbd7 13.e5 Ne8 14.e6 fxe6 15.Nh4 Rf7
16.Nxg6 Nf8 17.Nxf8 Rxf8 18.Bf4 Nc7 19.Qg4 Kh7 20.Rbd1 Qe8 21.Rd2 Qf7 22.
Qh4 Rae8 23.c5 Nd5 24.Nxd5 exd5 25.cxd6 exd6 26.Rxe8 Rxe8 27.Bxd6 Re4 28.
Bf4 Qe6 29.Qh5 Bxd4 30.b3 Bg7 31.h4 Re1 32.Qf3 d4 33.h5 Qf5 34.Rd3 Ra1 35.
Rd2 Qb1 36.Kh2 Qf5 37.g4 Qb1 38.Kg3 Qg1+ 39.Qg2 Qxg2+ 40.Kxg2 1-0

[Event "8th Essent op"]
[Site "Hoogeveen NED"]
[Date "2004.10.19"]
[Round "5.23"]
[White "Michielsen, Joost"]
[Black "Brady, Stephen"]
[Result "1-0"]
[WhiteElo "2249"]
[BlackElo "2342"]
[EventDate "2004.10.15"]
[PlyCount "67"]

1.e4 e6 2.d4 d5 3.Nc3 Nf6 4.e5 Nfd7 5.f4 c5 6.Nf3 Nc6 7.Be3 cxd4 8.Nxd4 
Bc5 9.Qd2 O-O 10.O-O-O a6 11.Qf2 Bxd4 12.Bxd4 b5 13.Be3 f6 14.exf6 Nxf6 
15.Bc5 Rf7 16.Bd3 b4 17.Na4 Nd7 18.Nb6 Nxb6 19.Bxb6 Qf6 20.Rhf1 Bd7 21.
Rde1 b3 22.axb3 Nb4 23.Be2 Rc8 24.Bc5 Nxc2 25.Kxc2 e5 26.Kb1 Qg6+ 27.Ka2 
Rxf4 28.Qe3 Re4 29.Qf3 Rf4 30.Qxd5+ Be6 31.Qxe5 Rxc5 32.Qb8+ Rc8 33.Qxf4 
Bxb3+ 34.Kxb3 1-0

[Event "8th Essent op"]
[Site "Hoogeveen NED"]
[Date "2004.10.19"]
[Round "5.24"]
[White "Ris, Robert"]
[Black "Van Eijk, Sander"]
[Result "1-0"]
[WhiteElo "2300"]
[BlackElo "2203"]
[EventDate "2004.10.15"]
[PlyCount "149"]

1.e4 c5 2.Nf3 Nc6 3.Bb5 g6 4.O-O Bg7 5.Re1 Nf6 6.e5 Nd5 7.Nc3 Nc7 8.Bxc6 
dxc6 9.Ne4 Ne6 10.d3 Qc7 11.Neg5 h6 12.Nxe6 Bxe6 13.Bf4 O-O-O 14.Qe2 g5 
15.Bg3 Qb6 16.b3 Rhe8 17.Qe4 Qb4 18.Qxb4 cxb4 19.h4 g4 20.Nd2 Rd5 21.a3 
bxa3 22.Rxa3 a6 23.h5 Kc7 24.Ra4 Red8 25.Kf1 Rd4 26.Raa1 Ra8 27.f4 Bf5 28.
Nc4 b5 29.Ne3 e6 30.Ra5 Bf8 31.Rea1 Kb7 32.Ke2 Bb4 33.R5a2 Bc3 34.Rb1 a5 
35.Nd1 Bb4 36.Bf2 Rd7 37.g3 Rad8 38.Nb2 Rd5 39.Be1 Bxe1 40.Rxe1 Ra8 41.Rb1
Kc7 42.Rba1 Kb6 43.Ke3 Rd7 44.Kd2 Bh7 45.Nd1 Bf5 46.Ne3 Rd4 47.Kc3 Rd7 48.
Re1 Rda7 49.Raa1 Re8 50.Re2 Rae7 51.Nd1 Ra7 52.Nf2 Rea8 53.Ne4 Bxe4 54.
Rxe4 Rg8 55.Rd4 Re7 56.Rd6 Rge8 57.Kd4 Ra7 58.Kc3 Kc5 59.Rxa5 Rea8 60.d4+ 
Kb6 61.Rxa7 Rxa7 62.Rd8 Ra1 63.Rg8 Rh1 64.Rxg4 Rxh5 65.Kb4 Rh2 66.c3 Rg2 
67.Rh4 Rxg3 68.Rxh6 Rg7 69.Rf6 Rh7 70.f5 exf5 71.d5 Rh4+ 72.c4 bxc4 73.
bxc4 Re4 74.Rxc6+ Kb7 75.Rf6 1-0

[Event "8th Essent op"]
[Site "Hoogeveen NED"]
[Date "2004.10.19"]
[Round "5.26"]
[White "Blees, Albert"]
[Black "Dogge, Marc"]
[Result "1-0"]
[WhiteElo "2408"]
[BlackElo "2202"]
[EventDate "2004.10.15"]
[PlyCount "101"]

1.e4 c5 2.Nf3 e6 3.d4 cxd4 4.Nxd4 Nf6 5.Nc3 d6 6.g4 h6 7.h4 Nc6 8.Rg1 h5 
9.gxh5 Nxh5 10.Bg5 Nf6 11.Qd2 a6 12.O-O-O Bd7 13.Kb1 Be7 14.Be2 Qc7 15.Rg3
Nxd4 16.Qxd4 Rc8 17.h5 Qc5 18.Qd3 b5 19.a3 b4 20.axb4 Qxb4 21.e5 Nxh5 22.
Bxe7 Kxe7 23.Rg4 Qb6 24.Rd4 Rb8 25.b3 Bb5 26.Nxb5 Qxb5 27.Qxb5 axb5 28.
Rxd6 Rb7 29.Bxb5 Rhb8 30.Bc6 Rc7 31.Rd7+ Rxd7 32.Rxd7+ Kf8 33.Kb2 Nf4 34.
Be4 g5 35.c4 Rc8 36.Rd2 Rc5 37.Kc3 Rxe5 38.Bf3 f5 39.b4 g4 40.Bd1 Ng6 41.
b5 Ne7 42.b6 Nc6 43.b7 g3 44.Rd6 gxf2 45.Rxc6 Re3+ 46.Kb2 f1=Q 47.b8=Q+ 
Kg7 48.Rc7+ Kh6 49.Qh8+ Kg5 50.Rg7+ Kf4 51.Qh2+ 1-0

[Event "8th Essent op"]
[Site "Hoogeveen NED"]
[Date "2004.10.19"]
[Round "5.28"]
[White "Clemens, Adrian HP"]
[Black "Van Geffen, Ben"]
[Result "1-0"]
[WhiteElo "2277"]
[BlackElo "2181"]
[EventDate "2004.10.15"]
[PlyCount "87"]

1.d4 Nf6 2.c4 c5 3.d5 e6 4.Nc3 exd5 5.cxd5 d6 6.e4 g6 7.h3 Bg7 8.Nf3 O-O 
9.Bg5 h6 10.Be3 Re8 11.Bd3 a6 12.a4 Nbd7 13.O-O Qc7 14.Qd2 Kh7 15.Rfe1 Rb8
16.Bf4 c4 17.Bc2 b5 18.axb5 axb5 19.Nd4 Ne5 20.Ndxb5 Qe7 21.Bxe5 Qxe5 22.
f4 Qe7 23.Nd4 Bd7 24.Ba4 Bxa4 25.Rxa4 Qb7 26.Rxc4 Qxb2 27.Qxb2 Rxb2 28.Re2
Rxe2 29.Ndxe2 Nd7 30.Rc7 Nc5 31.e5 Nd3 32.exd6 Rd8 33.Rxf7 Rxd6 34.Rc7 Kg8
35.Rc6 Bf8 36.Ne4 Rd8 37.Rxg6+ Kf7 38.Rf6+ Ke7 39.d6+ Ke8 40.Nd4 Bg7 41.
Re6+ Kf8 42.Nc6 Rd7 43.Re7 Rxe7 44.dxe7+ 1-0

[Event "8th Essent op"]
[Site "Hoogeveen NED"]
[Date "2004.10.19"]
[Round "5.29"]
[White "Porat, Ido"]
[Black "Knol, Geon"]
[Result "1-0"]
[WhiteElo "2260"]
[BlackElo "2110"]
[EventDate "2004.10.15"]
[PlyCount "83"]

1.d4 c6 2.c4 b5 3.e3 bxc4 4.Bxc4 Ba6 5.Nd2 Bxc4 6.Nxc4 Nf6 7.Nf3 g6 8.Qb3 
d5 9.Nce5 Qb6 10.Qxb6 axb6 11.Ng5 h6 12.Ngf3 Nfd7 13.Ke2 Nxe5 14.Nxe5 Bg7 
15.Nd3 O-O 16.Bd2 Nd7 17.Nb4 Rac8 18.Rhc1 Nb8 19.Rc2 Rfd8 20.Rac1 Rd6 21.
Nd3 Re8 22.Nb4 Rc8 23.Nd3 f6 24.Bb4 Rd7 25.Ba3 e6 26.Rc3 Kf7 27.Rb3 e5 28.
Rxb6 exd4 29.exd4 g5 30.Rc3 Re8+ 31.Kf1 Rdd8 32.Rcb3 Nd7 33.Rxc6 f5 34.Rb7
Re6 35.Rcc7 Ke8 36.Rxd7 Rxd7 37.Rxd7 Kxd7 38.Nc5+ Kd6 39.Nxe6+ Kxe6 40.Bc5
Kd7 41.a4 Kc6 42.b4 1-0

[Event "8th Essent op"]
[Site "Hoogeveen NED"]
[Date "2004.10.19"]
[Round "5.30"]
[White "Van Leent, Dmitri"]
[Black "Potze, Rudolf"]
[Result "1-0"]
[WhiteElo "2244"]
[BlackElo "2129"]
[EventDate "2004.10.15"]
[PlyCount "85"]

1.e4 c5 2.Nf3 Nc6 3.Bb5 g6 4.O-O Bg7 5.Bxc6 dxc6 6.d3 e5 7.Nbd2 Be6 8.a3 
f6 9.Nc4 Nh6 10.Be3 Qe7 11.b4 cxb4 12.axb4 Bxc4 13.Bc5 Qc7 14.dxc4 Rd8 15.
Qc1 b6 16.Be3 Nf7 17.c5 O-O 18.Ra6 Rb8 19.Qa3 Rb7 20.Ra1 Rd8 21.h3 bxc5 
22.Bxc5 Nd6 23.Qb3+ Kh8 24.Qe3 Nc4 25.Qc3 Nb6 26.Nd2 f5 27.Nc4 Nxc4 28.
Qxc4 Ra8 29.Qe6 fxe4 30.Rxc6 Qd8 31.Rd6 Qg8 32.c3 Rc7 33.Qxg8+ Kxg8 34.
Rda6 Bh6 35.Kf1 Bd2 36.R1a3 e3 37.fxe3 Bc1 38.Rxa7 Rcxa7 39.Rxa7 Rd8 40.
Ra2 Rd3 41.Rc2 Ba3 42.Ke2 e4 43.Bd4 1-0

[Event "8th Essent op"]
[Site "Hoogeveen NED"]
[Date "2004.10.19"]
[Round "5.31"]
[White "Markus, John Raymond"]
[Black "Struk, Jerzy"]
[Result "1/2-1/2"]
[WhiteElo "2219"]
[BlackElo "2237"]
[EventDate "2004.10.15"]
[PlyCount "96"]

1.d4 d5 2.Nf3 Nf6 3.e3 e6 4.Nbd2 c5 5.b3 Nc6 6.Bb2 cxd4 7.exd4 Be7 8.a3 b6
9.Bd3 a5 10.O-O Ba6 11.c4 O-O 12.Re1 a4 13.Ne5 Na5 14.bxa4 dxc4 15.Ndxc4 
Nxc4 16.Nxc4 Nd5 17.Qb3 Rc8 18.Ne5 Bxd3 19.Nxd3 Bd6 20.Ne5 Qg5 21.g3 Bxe5 
22.dxe5 Qg4 23.Rac1 h5 24.Rxc8 Rxc8 25.Rc1 Rxc1+ 26.Bxc1 h4 27.Qd3 Qxa4 
28.f4 Qa5 29.Bd2 Qa4 30.Bb4 h3 31.f5 Qc6 32.fxe6 fxe6 33.Qd2 Qc4 34.Kf2 
Qe4 35.Qe2 Qg2+ 36.Ke1 Qg1+ 37.Kd2 Nxb4 38.axb4 Qd4+ 39.Kc2 Qxb4 40.Qh5 
Qe4+ 41.Kb3 Qf5 42.Qe2 Kh7 43.Ka4 g6 44.Kb5 Qb1+ 45.Ka6 Qb4 46.Qe3 Qa5+ 
47.Kb7 Qc5 48.Qg5 Qd5+ 1/2-1/2

[Event "8th Essent op"]
[Site "Hoogeveen NED"]
[Date "2004.10.19"]
[Round "5.32"]
[White "O'Cinneide, Mel"]
[Black "Van der Veen, Jan"]
[Result "1-0"]
[WhiteElo "2268"]
[BlackElo "2122"]
[EventDate "2004.10.15"]
[PlyCount "83"]

1.c4 Nf6 2.Nc3 d6 3.d4 e5 4.Nf3 e4 5.Nd2 Qe7 6.e3 Bf5 7.Be2 h5 8.b4 g6 9.
a4 Bh6 10.b5 Nbd7 11.Ba3 c5 12.bxc6 bxc6 13.Nb3 a5 14.Qd2 O-O 15.O-O Bg4 
16.h3 Bxe2 17.Nxe2 Ra6 18.Nxa5 Rfa8 19.Nb7 Nb6 20.Nxd6 Qe6 21.c5 Nbd5 22.
Nc3 Nxc3 23.Qxc3 Nd5 24.Qb3 f5 25.Bc1 g5 26.f3 exf3 27.Rxf3 Rf8 28.Qd3 Nb4
29.Qf1 Nc2 30.Qxa6 Nxa1 31.Qd3 Nb3 32.Bb2 f4 33.exf4 g4 34.f5 Qd5 35.hxg4 
hxg4 36.Rg3 Bg7 37.Rxg4 Nxc5 38.Rxg7+ Kxg7 39.Qg3+ Kh8 40.Qh3+ Kg7 41.Qg3+
Kh8 42.dxc5+ 1-0

[Event "8th Essent op"]
[Site "Hoogeveen NED"]
[Date "2004.10.19"]
[Round "5.33"]
[White "Hulshof, Peter"]
[Black "Groenewold, Jan Joris"]
[Result "1/2-1/2"]
[WhiteElo "2209"]
[BlackElo "2159"]
[EventDate "2004.10.15"]
[PlyCount "75"]

1.e4 c5 2.Nc3 Nc6 3.g3 g6 4.Bg2 Bg7 5.d3 e6 6.f4 d6 7.Nf3 Nge7 8.O-O O-O 
9.Be3 a6 10.Bf2 Ra7 11.d4 b6 12.dxc5 dxc5 13.e5 Rd7 14.Qe2 Bb7 15.Ne4 Kh8 
16.c3 Nc8 17.g4 N6e7 18.Bh4 Bxe4 19.Qxe4 b5 20.Qe3 Qc7 21.Ng5 Nd5 22.Qh3 
h6 23.Ne4 Re8 24.Nf6 Bxf6 25.Bxf6+ Nxf6 26.exf6 Kh7 27.Rf3 Rd5 28.f5 exf5 
29.gxf5 Nd6 30.fxg6+ fxg6 31.Raf1 Nf7 32.Re3 Rxe3 33.Qxe3 Re5 34.Qf3 Rf5 
35.Qb7 Rxf1+ 36.Kxf1 Qf4+ 37.Ke2 Qxf6 38.Bd5 1/2-1/2

[Event "8th Essent op"]
[Site "Hoogeveen NED"]
[Date "2004.10.19"]
[Round "5.34"]
[White "Rooda, Kai P"]
[Black "Galje, Hans"]
[Result "1/2-1/2"]
[WhiteElo "2165"]
[BlackElo "2115"]
[EventDate "2004.10.15"]
[PlyCount "58"]

1.d4 Nf6 2.Nf3 e6 3.c4 c5 4.Nc3 cxd4 5.Nxd4 Bb4 6.Nb5 d5 7.cxd5 Nxd5 8.e4 
Nxc3 9.Qxd8+ Kxd8 10.bxc3 Ba5 11.Bf4 Nc6 12.O-O-O+ Bd7 13.Nd6 Ke7 14.Nxb7 
Bxc3 15.Bd6+ Ke8 16.Nc5 Bd4 17.Nxd7 Kxd7 18.Bc5 e5 19.Bb5 Ke6 20.Bxc6 Rac8
21.Bxd4 Rxc6+ 22.Kd2 exd4 23.Rb1 Rhc8 24.Rhc1 Rxc1 25.Rxc1 Rxc1 26.Kxc1 
Ke5 27.f3 d3 28.Kd2 Kd4 29.e5 Kxe5 1/2-1/2

[Event "8th Essent op"]
[Site "Hoogeveen NED"]
[Date "2004.10.19"]
[Round "5.35"]
[White "Nagel, Yvette"]
[Black "Hamelink, Desiree"]
[Result "0-1"]
[WhiteElo "2051"]
[BlackElo "2227"]
[EventDate "2004.10.15"]
[PlyCount "79"]

1.e4 c5 2.Nf3 d6 3.c3 Nf6 4.Bd3 Nc6 5.Bc2 Bg4 6.d3 e6 7.Nbd2 d5 8.O-O Be7 
9.h3 Bh5 10.Re1 Qc7 11.Nf1 O-O-O 12.Ng3 Bg6 13.e5 Nd7 14.Bf4 h6 15.a3 Bh7 
16.Qe2 g5 17.Bc1 Rde8 18.b4 f6 19.Ba4 fxe5 20.Bxc6 Qxc6 21.Nxe5 Nxe5 22.
Qxe5 Bd6 23.Qe2 Qc7 24.Nf1 e5 25.Bb2 Rhf8 26.bxc5 Bxc5 27.d4 Bb6 28.Ne3 
Qf7 29.Rad1 exd4 30.cxd4 Kb8 31.Bc3 Bc7 32.Qb2 h5 33.Bb4 Rg8 34.Nf1 g4 35.
Rxe8+ Rxe8 36.hxg4 hxg4 37.Re1 Be4 38.Qb3 Qh7 39.Ng3 Rh8 40.Kf1 0-1

[Event "8th Essent op"]
[Site "Hoogeveen NED"]
[Date "2004.10.19"]
[Round "5.36"]
[White "Ahlers, Ben"]
[Black "Kleijn, Christov"]
[Result "1/2-1/2"]
[WhiteElo "2223"]
[BlackElo "2007"]
[EventDate "2004.10.15"]
[PlyCount "50"]

1.d4 Nf6 2.c4 g6 3.Nc3 Bg7 4.e4 d6 5.Nge2 O-O 6.Ng3 e5 7.d5 Ne8 8.h4 f5 9.
exf5 Bxf5 10.Nce4 Nf6 11.Nxf5 Nxe4 12.Nxg7 Qf6 13.Qf3 Nxf2 14.Qxf6 Rxf6 
15.Ne8 Rf7 16.Rg1 Na6 17.Nxc7 Nxc7 18.Be2 Ne4 19.g4 Na6 20.Be3 Nb4 21.Kd1 
Nf2+ 22.Kd2 Ne4+ 23.Kd1 Nf2+ 24.Kd2 Ne4+ 25.Kd1 Nf2+ 1/2-1/2

[Event "8th Essent op"]
[Site "Hoogeveen NED"]
[Date "2004.10.19"]
[Round "5.37"]
[White "Hensbergen, Willem"]
[Black "Van Lommel, Patrick"]
[Result "1-0"]
[WhiteElo "2126"]
[BlackElo "2139"]
[EventDate "2004.10.15"]
[PlyCount "63"]

1.d4 Nf6 2.c4 g6 3.Nc3 Bg7 4.e4 d6 5.f4 O-O 6.Nf3 Na6 7.Bd3 e5 8.fxe5 dxe5
9.d5 Nc5 10.Bc2 a5 11.O-O Ne8 12.Bg5 f6 13.Bh4 Nd6 14.Qe2 b6 15.Nxe5 Qe8 
16.Nc6 Ba6 17.b3 g5 18.Bg3 f5 19.e5 f4 20.Bf2 f3 21.gxf3 Qh5 22.f4 Qh6 23.
Qd2 Qh3 24.fxg5 Rf3 25.Bxc5 bxc5 26.Rxf3 Qxf3 27.Rf1 Qh3 28.Ne2 Qg4+ 29.
Ng3 Bb7 30.Rf4 Qh3 31.exd6 Bxc6 32.Bf5 1-0

[Event "8th Essent op"]
[Site "Hoogeveen NED"]
[Date "2004.10.19"]
[Round "5.38"]
[White "Giddins, Stephen"]
[Black "Wilson, Alexandra"]
[Result "1-0"]
[WhiteElo "2248"]
[BlackElo "2070"]
[EventDate "2004.10.15"]
[PlyCount "75"]

1.c4 Nf6 2.Nc3 d5 3.cxd5 Nxd5 4.g3 g6 5.Bg2 Nxc3 6.bxc3 Bg7 7.Rb1 O-O 8.
Rxb7 Bxb7 9.Bxb7 Nd7 10.Bxa8 Qxa8 11.f3 Rd8 12.Nh3 Qd5 13.Qc2 Qc5 14.Nf2 
h5 15.O-O h4 16.Kg2 Nf6 17.Qa4 hxg3 18.hxg3 Nh5 19.Ne4 Qe5 20.d4 Qe6 21.
Qb3 Qxb3 22.axb3 Nf6 23.Nxf6+ Bxf6 24.Bf4 c5 25.dxc5 Rc8 26.Be3 Bxc3 27.
Rc1 Bb4 28.Rc4 a5 29.c6 Kf8 30.Bb6 e5 31.f4 f6 32.fxe5 fxe5 33.c7 Ke7 34.
Rc6 Bd6 35.Bxa5 Kd7 36.Rc4 Ra8 37.b4 Kc8 38.Kf3 1-0

[Event "8th Essent op"]
[Site "Hoogeveen NED"]
[Date "2004.10.19"]
[Round "5.39"]
[White "Westerkamp, Bert"]
[Black "Cako, Laszlo"]
[Result "0-1"]
[WhiteElo "2115"]
[BlackElo "2137"]
[EventDate "2004.10.15"]
[PlyCount "66"]

1.e4 e5 2.Nf3 Nc6 3.Bb5 a6 4.Ba4 Nf6 5.O-O Be7 6.Bxc6 dxc6 7.d3 Nd7 8.Nbd2
O-O 9.Nc4 f6 10.Nh4 Nc5 11.Nf5 Bxf5 12.exf5 Qd7 13.Qg4 Bd6 14.b3 a5 15.Bb2
b5 16.Ne3 Na6 17.a3 c5 18.a4 Nb4 19.axb5 Qxb5 20.Ra4 Kh8 21.Rfa1 Nxc2 22.
Nxc2 Qxb3 23.Qh5 Qxb2 24.Rh4 Kg8 25.Qxh7+ Kf7 26.Qg6+ Ke7 27.Rh7 Rf7 28.f4
Qxc2 29.fxe5 Bxe5 30.Re1 Qc3 31.Re4 Rb8 32.Rxg7 Rb1+ 33.Kf2 Rb2+ 0-1

[Event "8th Essent op"]
[Site "Hoogeveen NED"]
[Date "2004.10.20"]
[Round "6.1"]
[White "Zhang Pengxiang"]
[Black "Khenkin, Igor"]
[Result "1/2-1/2"]
[WhiteElo "2519"]
[BlackElo "2587"]
[EventDate "2004.10.15"]
[PlyCount "97"]

1.e4 c6 2.d4 d5 3.f3 e6 4.Nc3 Bb4 5.Bf4 Ne7 6.Ne2 dxe4 7.fxe4 Ng6 8.Bg3 e5
9.dxe5 Qe7 10.a3 Ba5 11.Nd4 O-O 12.e6 Bxe6 13.Qh5 Bxc3+ 14.bxc3 Nd7 15.Bd3
Nf6 16.Qe2 Bg4 17.Qe3 Nxe4 18.Bxe4 Rae8 19.O-O Qxe4 20.Qf2 Qd5 21.h3 Bc8 
22.Nf3 Rd8 23.Qxa7 Qc4 24.Qa5 Nf4 25.Qb4 Ne2+ 26.Kf2 Qxc3 27.Rfe1 Qxb4 28.
axb4 Nxg3 29.Kxg3 Be6 30.Ra7 b5 31.Rc7 Rc8 32.Rxc8 Rxc8 33.Re5 Rd8 34.Rc5 
Rd6 35.Ne5 Bd5 36.c4 Bxc4 37.Nxc4 bxc4 38.b5 Kf8 39.bxc6 Rd8 40.Rxc4 Ra8 
41.Kf4 Ke7 42.Ke5 Ra5+ 43.Kd4 Kd8 44.Rb4 Kc7 45.Rb7+ Kxc6 46.Rxf7 Rg5 47.
g4 Kd6 48.Ke4 Ke6 49.Ra7 1/2-1/2

[Event "8th Essent op"]
[Site "Hoogeveen NED"]
[Date "2004.10.20"]
[Round "6.3"]
[White "Smeets, Jan"]
[Black "l`Ami, Erwin"]
[Result "1/2-1/2"]
[WhiteElo "2515"]
[BlackElo "2516"]
[EventDate "2004.10.15"]
[PlyCount "31"]

1.e4 c5 2.Nf3 d6 3.d4 cxd4 4.Nxd4 Nf6 5.Nc3 a6 6.Be2 e6 7.O-O Be7 8.f4 O-O
9.Qe1 b5 10.a3 Bb7 11.Bf3 Qc7 12.e5 dxe5 13.fxe5 Nfd7 14.Bxb7 Qxb7 15.Nf3 
Nc6 16.Qg3 1/2-1/2

[Event "8th Essent op"]
[Site "Hoogeveen NED"]
[Date "2004.10.20"]
[Round "6.5"]
[White "Goloshchapov, Alexander"]
[Black "Okkes, Menno"]
[Result "1-0"]
[WhiteElo "2566"]
[BlackElo "2353"]
[EventDate "2004.10.15"]
[PlyCount "63"]

1.e4 c6 2.d4 d5 3.e5 c5 4.c4 Nc6 5.dxc5 d4 6.Bf4 g6 7.Bd3 Bg7 8.Qe2 f6 9.
Nf3 Bg4 10.Nbd2 fxe5 11.Bg5 Nb4 12.O-O Nxd3 13.Qxd3 Qc7 14.Rfe1 Bf5 15.Qe2
Qxc5 16.Nxe5 d3 17.Qe3 Qxe3 18.Rxe3 Nh6 19.h3 O-O 20.g4 Bxe5 21.Bxh6 Bxb2 
22.Rb1 Bc3 23.Nb3 Bc8 24.Bxf8 Kxf8 25.Rxd3 Bf6 26.Nc5 Kg7 27.Nd7 Bg5 28.c5
Bf4 29.Rb4 Bc7 30.Re4 Bd8 31.Nb6 axb6 32.Rxd8 1-0

[Event "8th Essent op"]
[Site "Hoogeveen NED"]
[Date "2004.10.20"]
[Round "6.6"]
[White "Spoelman, Wouter"]
[Black "Romanishin, Oleg"]
[Result "0-1"]
[WhiteElo "2357"]
[BlackElo "2543"]
[EventDate "2004.10.15"]
[PlyCount "56"]

1.e4 e5 2.Nf3 Nc6 3.Bb5 a6 4.Ba4 Nf6 5.O-O Be7 6.Re1 b5 7.Bb3 d6 8.c3 O-O 
9.h3 Na5 10.Bc2 c5 11.d4 Nd7 12.Nbd2 cxd4 13.cxd4 Nc6 14.Nb3 a5 15.Bd3 a4 
16.Bxb5 Qb6 17.Bxc6 Qxc6 18.Nbd2 Bf6 19.d5 Qa6 20.b3 axb3 21.Nxb3 Nb6 22.
Bd2 Nc4 23.Bc3 Bd7 24.Nfd2 Na3 25.Nb1 Rfc8 26.Re3 Bg5 27.Rf3 Bb5 28.Rf5 
Be2 0-1

[Event "8th Essent op"]
[Site "Hoogeveen NED"]
[Date "2004.10.20"]
[Round "6.7"]
[White "Van Wissen, Michiel"]
[Black "Erenburg, Sergey"]
[Result "1/2-1/2"]
[WhiteElo "2297"]
[BlackElo "2537"]
[EventDate "2004.10.15"]
[PlyCount "157"]

1.e4 c6 2.d4 d5 3.e5 Bf5 4.Nf3 e6 5.Be2 c5 6.Be3 cxd4 7.Nxd4 Ne7 8.Nc3 a6 
9.g4 Bg6 10.f4 Nbc6 11.O-O Nxd4 12.Bxd4 Qd7 13.Bf3 Nc6 14.f5 exf5 15.Nxd5 
fxg4 16.Bg2 Be7 17.c3 Rd8 18.Bb6 Rc8 19.Qd2 Nxe5 20.Rad1 f6 21.Rfe1 Qd6 
22.b4 O-O 23.Bc5 Rxc5 24.bxc5 Qxc5+ 25.Qd4 Re8 26.Kh1 Bf8 27.Qxc5 Bxc5 28.
Nc7 Rc8 29.Ne6 Nf3 30.Re2 Bf8 31.h3 h5 32.Rd7 Bf5 33.Nxf8 Kxf8 34.Rxb7 
Rxc3 35.Rb8+ Kf7 36.Rb7+ Kg6 37.Bxf3 gxf3 38.Rf2 Rc1+ 39.Kh2 Be4 40.Rb6 a5
41.Rb5 a4 42.Rb4 Bc6 43.Rbb2 Be4 44.Kg3 Rc4 45.Rfd2 Bf5 46.Rh2 h4+ 47.Kxf3
Rc3+ 48.Kf2 Bxh3 49.Rb4 Ra3 50.Rxh4 Rxa2+ 51.Kg3 Rxh2 52.Kxh2 Bd7 53.Rd4 
Be8 54.Rd8 Bf7 55.Ra8 Bb3 56.Ra5 f5 57.Kg3 Kf6 58.Ra6+ Kg5 59.Ra5 g6 60.
Rb5 Bc2 61.Rc5 Bd1 62.Rd5 Bb3 63.Rb5 Kf6 64.Rb6+ Ke5 65.Rxg6 a3 66.Ra6 a2 
67.Kf2 Ke4 68.Ra3 f4 69.Ke2 Bc4+ 70.Kf2 Bd5 71.Ra4+ Ke5 72.Ra3 Bb3 73.Kf3 
Bd5+ 74.Kf2 Kd6 75.Ra6+ Ke5 76.Ra3 Kf5 77.Ra5 Ke4 78.Ra4+ Kd3 79.Rxa2 
1/2-1/2

[Event "8th Essent op"]
[Site "Hoogeveen NED"]
[Date "2004.10.20"]
[Round "6.9"]
[White "Grimm, Sascha"]
[Black "Brodsky, Mikhail"]
[Result "1/2-1/2"]
[WhiteElo "2342"]
[BlackElo "2533"]
[EventDate "2004.10.15"]
[PlyCount "33"]

1.Nf3 c5 2.g3 g6 3.Bg2 Bg7 4.c4 Nc6 5.Nc3 e5 6.a3 a5 7.d4 Nxd4 8.Nxd4 cxd4
9.Nb5 Ne7 10.e3 d5 11.cxd5 O-O 12.O-O Nxd5 13.exd4 exd4 14.Nxd4 Ra6 15.Nb5
Be6 16.Nd4 Bc8 17.Nb5 1/2-1/2

[Event "8th Essent op"]
[Site "Hoogeveen NED"]
[Date "2004.10.20"]
[Round "6.10"]
[White "De Vreugt, Dennis"]
[Black "Erwich, Marc"]
[Result "1/2-1/2"]
[WhiteElo "2466"]
[BlackElo "2336"]
[EventDate "2004.10.15"]
[PlyCount "51"]

1.e4 e5 2.Nf3 Nc6 3.Bb5 Nf6 4.O-O Nxe4 5.d4 Nd6 6.Bxc6 dxc6 7.dxe5 Nf5 8.
Qxd8+ Kxd8 9.Nc3 Ne7 10.h3 h6 11.b3 Ng6 12.Bb2 Nf4 13.Rad1+ Ke8 14.Kh2 Be7
15.Rfe1 Ne6 16.Ne2 c5 17.Nd2 h5 18.Ne4 b6 19.c4 Bb7 20.N2c3 Rd8 21.Nd5 Rd7
22.Rf1 Nd4 23.Nec3 h4 24.Ne3 Rh5 25.f4 f6 26.exf6 1/2-1/2

[Event "8th Essent op"]
[Site "Hoogeveen NED"]
[Date "2004.10.20"]
[Round "6.12"]
[White "Loffler, Stefan"]
[Black "Ris, Robert"]
[Result "1-0"]
[WhiteElo "2432"]
[BlackElo "2300"]
[EventDate "2004.10.15"]
[PlyCount "103"]

1.c4 Nf6 2.Nc3 c5 3.g3 Nc6 4.Bg2 g6 5.e3 Bg7 6.d4 cxd4 7.exd4 O-O 8.Nge2 
d6 9.h3 Bd7 10.b3 a6 11.Be3 Rb8 12.a4 Qa5 13.O-O Rfc8 14.d5 Nb4 15.Qd2 b6 
16.Nd4 Nbxd5 17.Nxd5 Qxd2 18.Nxe7+ Kf8 19.Nxg6+ hxg6 20.Bxd2 Nd5 21.Bxd5 
Bxd4 22.Bh6+ Bg7 23.Bxg7+ Kxg7 24.h4 Bc6 25.Rfd1 Kf6 26.Ra2 Bxd5 27.Rxd5 
Rc6 28.Rad2 Ke7 29.Re2+ Kf6 30.Re4 Rd8 31.h5 gxh5 32.Rxh5 Rc5 33.Rh6+ Kg7 
34.Rhh4 b5 35.Reg4+ Kf6 36.Rf4+ Kg7 37.b4 Rxc4 38.Rxc4 bxc4 39.Rxc4 d5 40.
Rf4 f6 41.Kf1 Kf7 42.Ke2 Ke6 43.Kd3 Rb8 44.b5 axb5 45.Rb4 Kd6 46.Kd4 Re8 
47.axb5 Re4+ 48.Kc3 Re8 49.b6 Kc5 50.b7 Rb8 51.Rb2 Kc6 52.Kd4 1-0

[Event "8th Essent op"]
[Site "Hoogeveen NED"]
[Date "2004.10.20"]
[Round "6.13"]
[White "Afek, Yochanan"]
[Black "Porat, Shay"]
[Result "0-1"]
[WhiteElo "2322"]
[BlackElo "2421"]
[EventDate "2004.10.15"]
[PlyCount "72"]

1.e4 e6 2.d4 d5 3.Nc3 Nf6 4.Bg5 Bb4 5.e5 h6 6.Bd2 Bxc3 7.bxc3 Ne4 8.Qg4 g6
9.Qf4 Nxd2 10.Qxd2 c5 11.Nf3 Bd7 12.Bd3 Bc6 13.a4 c4 14.Be2 a5 15.h4 Nd7 
16.h5 g5 17.Nh2 Qe7 18.Ng4 O-O-O 19.f4 Rdg8 20.Qe3 gxf4 21.Qxf4 Rg5 22.Kd2
Nb6 23.Raf1 Be8 24.Qf6 Qf8 25.Ne3 Nxa4 26.Bg4 Rxg4 27.Nxg4 Nxc3 28.Nf2 Rg8
29.Rh3 Nb5 30.g4 Qb4+ 31.Ke3 Qc3+ 32.Kf4 Qxc2 33.Kg3 Nxd4 34.Kh4 Qe2 35.
Rg1 Nf5+ 36.gxf5 Qxf2+ 0-1

[Event "8th Essent op"]
[Site "Hoogeveen NED"]
[Date "2004.10.20"]
[Round "6.14"]
[White "Jonkman, Harmen"]
[Black "Michielsen, Joost"]
[Result "1-0"]
[WhiteElo "2417"]
[BlackElo "2249"]
[EventDate "2004.10.15"]
[PlyCount "51"]

1.e4 e6 2.d4 d5 3.e5 c5 4.c3 Nc6 5.Nf3 Bd7 6.Be2 f6 7.O-O Qc7 8.Re1 O-O-O 
9.Bf4 Nge7 10.Qd2 Ng6 11.Bg3 f5 12.h4 f4 13.Bxf4 Nxf4 14.Qxf4 Be7 15.Nbd2 
Rdf8 16.Qg4 Qb6 17.c4 Nxd4 18.Nxd4 cxd4 19.Rac1 Kd8 20.cxd5 exd5 21.Qg3 
Be6 22.Bg4 Rhg8 23.Bxe6 Qxe6 24.Nf3 d3 25.Nd4 Qf7 26.Red1 1-0

[Event "8th Essent op"]
[Site "Hoogeveen NED"]
[Date "2004.10.20"]
[Round "6.15"]
[White "Grooten, Herman"]
[Black "Swinkels, Robin"]
[Result "1-0"]
[WhiteElo "2391"]
[BlackElo "2231"]
[EventDate "2004.10.15"]
[PlyCount "81"]

1.Nf3 Nf6 2.c4 g6 3.Nc3 d5 4.Qa4+ Bd7 5.Qb3 dxc4 6.Qxc4 Nc6 7.Ng5 e6 8.d4 
Qe7 9.a3 e5 10.Nb5 Rc8 11.d5 Na5 12.Nxc7+ Kd8 13.Qc3 Rxc7 14.Qxa5 b6 15.d6
bxa5 16.dxe7+ Kxe7 17.Bd2 a4 18.Bc3 Bg7 19.Bxe5 Rc2 20.e3 Bc6 21.Nf3 Bxf3 
22.gxf3 Rd8 23.Bd4 Ne8 24.Bd3 Rc7 25.Bxg7 Nxg7 26.Bb5 Rb7 27.Bxa4 Rxb2 28.
O-O Rdd2 29.Rad1 Re2 30.Rd7+ Kf6 31.f4 Nf5 32.Bc6 a6 33.Bd5 Nh6 34.Rd6+ 
Ke7 35.Rxa6 Ng4 36.Ra7+ Ke8 37.Bxf7+ Kf8 38.Rc1 Rxf2 39.Rc8+ Kg7 40.Bg8+ 
Kf6 41.Rf8# 1-0